| 000 | 00675 a2200181 4500 | ||
|---|---|---|---|
| 003 | Nust | ||
| 005 | 20221125152934.0 | ||
| 040 | _cNust | ||
| 082 | _a621.3815,ANA | ||
| 100 |
_aMeyer S.,Charles _9103642 |
||
| 245 |
_aAnalysis and design of integrated circuits / _cCharles S. Meyer, David K. Lynn & Douglas J. Hamilton. |
||
| 260 |
_aNew York _bMcGraw-Hill _c1968 |
||
| 300 |
_axxv, 545 p _billus _c26 cm |
||
| 505 | _aPart 1: Fundamentals of Integrated Circuit Design (Page-3), Part 2: Integrated Logic Circuits (Page-135) Part 3: linear Integrated Circuits (Page-367). | ||
| 600 |
_aMeyer S.,Charles _9103642 |
||
| 650 | _aTelecommunication engineering | ||
| 942 |
_2ddc _cBK |
||
| 999 |
_c182014 _d182014 |
||